| 000 | 00679nam a2200181Ia 4500 | ||
|---|---|---|---|
| 008 | 090630s9999 xx 000 0 und d | ||
| 082 | _b18858 | ||
| 100 | _aसाठवणे पां. आ. | ||
| 245 |
_aफळे फळांचे रस व आरोग्य. _cसाठवणे पां. आ. |
||
| 260 |
_bसाठवणे - नागपूर. _c1998 |
||
| 300 | _a17 | ||
| 600 | _aसाठवणे पां. आ. | ||
| 630 | _aफळे फळांचे रस व आरोग्य. | ||
| 655 | _aइतर. | ||
| 700 | _aसाठवणे पां. आ. | ||
| 730 | _aफळे फळांचे रस व आरोग्य. | ||
| 942 | _cBOOK | ||
| 999 |
_c270714 _d270714 |
||